Statystyki dla Powiaty w Lubelskim

Kliknij tutaj aby rozwiązać quiz!

Ogólne statystyki

  • Ten quiz został rozwiązany 62 razy
  • Średni wynik to 17 z 24

Statystyki odpowiedzi

LiczbaOdpowiedź% Poprawnych
PowiatLubelski
95%
MiastoLublin
92%
MiastoChełm
90%
PowiatZamojski
88%
MiastoZamość
87%
PowiatChelmski
82%
PowiatLubartowski
73%
PowiatRadzyński
73%
PowiatHrubieszowski
72%
PowiatPuławski
72%
PowiatBiłgorajski
70%
MiastoBiała Podlaska
68%
PowiatŁukowski
68%
PowiatWłodawski
68%
PowiatKraśnicki
67%
PowiatOpolski
65%
PowiatRycki
65%
PowiatJanowski
63%
PowiatBialski
62%
PowiatŚwidnicki
62%
PowiatTomaszowski
60%
PowiatŁęczyński
55%
PowiatParczewski
55%
PowiatKrasnostawski
53%

Rozkład punktacji

Percentyl według liczby udzielonych odpowiedzi

Procent ludzi z każdym wynikiem

Twoja historia wyników

Nie rozwiązałeś tego quizu